Culture pas trop générale (10 : cinéma 2) - Statistiques

Statistiques générales
  • Ce quiz a été pris 127 fois
  • Le résultat moyen est 7 sur 20
Statistiques - réponses
Hint Réponse % Correct
Quel film muet français a réalisé un véritable tour de force en recevant 5 oscars dont meilleur film en 2012 ? The Artist
92%
Quel acteur extrêmement à la mode dans les années 2000 - 2010 est tombé en disgrâce après avoir mis une claque à un humoriste durant la cérémonie des Oscars 2022 ? Will Smith
71%
De quel pays Brad Pitt a-t-il été interdit de séjour pendant 20 ans suite à la sortie d'un de ses films ? La Chine
67%
Quelle comédie musicale a connu un immense succès en 2016 ? La La Land
55%
Quel studio d'animation japonaise a réussi à obtenir le 2e oscar du meilleur film d'animation en 2003 ? Studio Ghibli
47%
Avant de connaître un succès mondial avec ''Pulp Fiction'', quel était le premier film de Tarentino ? Reservoir Dogs
44%
De quelle secte John Travolta et Tom Cruise sont-ils membres ? La scientologie
43%
Quelle est l'actrice ayant été le plus nommée à l'oscar de la meilleur actrice, avec 17 nominations ? Meryl Streep
42%
David Fincher et Brad Pitt ont collaborés à trois reprises, quel est le premier film qu'ils ont réalisés ensemble ? Seven
42%
Qui est le réalisateur de la ''trilogie du dollar'' et de la ''trilogie du temps'', deux trilogies très acclamées des années 60-80 ? Sergio Leone
38%
Quel duo de réalisateurs français se sont fait connaître avec les films ''Intouchables'', ''Hors-normes'' ou encore ''Le sens de la fête" ? Olivier Nakache et Eric Toledano
34%
Quel film est n°1 au classement IMDb depuis plus de 20 ans ? Les évadés
28%
En 2006, Scorcese sort ''Les Infiltrés'' pour lequel il recevra les oscars du meilleur film et du meilleur réalisateur, ce film est un remake du film ''Internal Affairs'' sorti en 2002, de quel pays vient ce film original ? Hong Kong
24%
En 1975, Stanley Kubrick réalise un tour de force en réalisant un film avec uniquement des lumières naturelles et des décors d'époque, quel est ce film ? Barry Lyndon
20%
Quel film sorti en 2000 s'est vu réalisé une suite en 2024 ? Gladiator
18%
Quel studio iconique de cinéma a été racheté par Disney pour la modique somme de 4 milliards de dollards en 2012 ? Lucasfilm
16%
Aujourd'hui encore, la majorité des films sont tournés sur pellicule, quelle est le format le plus utilisé ? 35 mm
13%
En 2018, quel film d'animation parvient a réinventer un personnage pourtant déjà adapté sur grands écrans avec 7 films, 3 acteurs et 4 réalisateurs différents depuis 2002 ? Spiderman : Into the Spider-verse
12%
Le film ''Paranormal Activity'' a rapporté près de 200 millions de dollards au box-office, mais son budget était minuscule, combien a-t-il couté ? 15 000 dollards
8%
Parti pour être un échec cuisant, à part son réalisateur personne sur les plateaux ne croit à ce projet, si bien qu'il n'est diffusé à l'origine que dans 32 (37 ?) salles aux Etats-Unis, quel est ce film qui deviendra finalement un véritable phénomène de société ? Star Wars
8%
Aucun quiz correspondant
Distribution des résultats
% des personnes avec chaque résultat
Percentile par nombre de réponses
Votre historique - résultats
Vous n’avez pas pris ce quiz